Helping the alcoholic employee : selected articles from Amacom publications.

Bibliographic Details
Corporate Author: Amacom
Format: Book
Language:English
Published: New York : Amacom, [1974?]
Series:Selected reprints from Amacom publications.
Subjects:

MARC

Tag First Indicator Second Indicator Subfields
LEADER 00000cam a2200000 a 4500
001 in00000099235
005 20150924160055.0
008 750522s1974 nyua 00000 eng d
020 |a 0814469329 
035 |a (OCoLC)01352331 
035 |9 AAL0110AM 
040 |a INT  |c INT  |d m.c.  |d TXA  |d UtOrBLW 
049 |a TXAM  |c [1656011] 
090 |a HF5549.5.A4  |b H45 1974 
245 0 0 |a Helping the alcoholic employee :  |b selected articles from Amacom publications. 
264 1 |a New York :  |b Amacom,  |c [1974?] 
300 |a 76 pages :  |b illustrations ;  |c 22 cm. 
336 |a text  |b txt  |2 rdacontent 
337 |a unmediated  |b n  |2 rdamedia 
338 |a volume  |b nc  |2 rdacarrier 
490 1 |a Selected reprints from Amacom publications 
650 0 |a Alcoholism and employment. 
710 2 |a Amacom. 
830 0 |a Selected reprints from Amacom publications. 
999 |a MARS 
999 f f |s c308ade4-84c2-3b45-9986-764cac924c52  |i 13e259ac-ddce-300b-986b-5f4713384a74  |t 0 
952 f f |p ric  |a Texas A&M University  |b Rellis Campus  |c Joint Library Facility  |d Remote Storage  |t 0  |e HF5549.5.A4 H45 1974  |h Library of Congress classification  |i unmediated -- volume  |m A14806294840 
998 f f |a HF5549.5.A4 H45 1974  |t 0  |l Remote Storage